000
00318nam a22001337a 4500
020
_a
81-8044-002-3
082
_a
001
_b
KUM/G
100
_a
KUMAR
245
_a
GENERAL KNOWLEDGE AT A GLANCE
260
_a
DELHI
_b
VEE KUMAR PUBLICATIONS PVT LTD
_c
2007
300
_a
192
650
_a
GENERAL KNOWLEDGE
_z
INDIA
942
_c
BK
999
_c
6513
_d
6513